Aktuálne východiská manažmentu znalostí v organizáciách
Saved in:
| Main Author: | |
|---|---|
| Other Authors: | , |
| Format: | Book |
| Language: | Slovak |
| Published: |
Bratislava
Vydavateľstvo EKONÓM
2015
|
| Edition: | 1. vyd. |
| Subjects: | |
| Tags: |
No Tags, Be the first to tag this record!
|
MARC
| LEADER | 00000nam a2200000 4500 | ||
|---|---|---|---|
| 001 | 0209468 | ||
| 005 | 20240502073500.3 | ||
| 020 | |a 978-80-225-4162-6 | ||
| 041 | 0 | |a slo | |
| 044 | |a SK | ||
| 245 | 1 | 0 | |a Aktuálne východiská manažmentu znalostí v organizáciách |c Andrej Miklošík ; recenzenti: Štefan Žák, Andrej Hriciga |
| 250 | |a 1. vyd. | ||
| 264 | 1 | |a Bratislava |b Vydavateľstvo EKONÓM |c 2015 | |
| 300 | |a 150 s. [8,32 AH] | ||
| 610 | 2 | 0 | |a manažment znalostný |
| 610 | 2 | 0 | |a zdroje ľudské |
| 610 | 2 | 0 | |a riadenie ľudských zdrojov |
| 610 | 2 | 0 | |a kultúra podniková |
| 610 | 2 | 0 | |a vodcovstvo |
| 610 | 2 | 0 | |a motivácia pracovná |
| 610 | 2 | 0 | |a odmeňovanie |
| 610 | 2 | 0 | |a systémy informačné manažérske |
| 100 | 1 | |a Miklošík, Andrej | |
| 700 | 1 | |a Žák, Štefan, 1971- | |
| 700 | 1 | |a Hriciga, Andrej | |